Diccionario de las artes / (Record no. 185812)

MARC details
000 -LEADER
campo de control de longitud fija 00759nam a2200241 i 4500
001 - NÚMERO DE CONTROL
campo de control 185812
003 - IDENTIFICADOR DE NÚMERO DE CONTROL
campo de control SpMaBN
005 - FECHA Y HORA DE LA ÚLTIMA TRANSACCIÓN
campo de control 20240421063033.0
008 - DATOS DE LONGITUD FIJA--INFORMACIÓN GENERAL
campo de control de longitud fija 160811s1995 sp f d |||| | spa d
020 ## - NÚMERO INTERNACIONAL ESTÁNDAR DEL LIBRO
Número Internacional Estándar del Libro 84-08-01584-2
080 ## - NÚMERO DE LA CLASIFICACIÓN DECIMAL UNIVERSAL
Número de la Clasificación Decimal Universal 7(038)
100 1# - ENTRADA PRINCIPAL--NOMBRE DE PERSONA
Nombre de persona Azúa, Félix de,
Fechas asociadas al nombre 1944-
9 (RLIN) 24368
245 10 - MENCIÓN DEL TÍTULO
Título Diccionario de las artes /
Mención de responsabilidad, etc. Félix de Azúa.
250 ## - MENCION DE EDICION
Mención de edición 1ª ed.
260 ## - PUBLICACIÓN, DISTRIBUCIÓN, ETC.
Lugar de publicación, distribución, etc. Barcelona :
Nombre del editor, distribuidor, etc. Planeta,
Fecha de publicación, distribución, etc. 1995.
300 ## - DESCRIPCIÓN FÍSICA
Extensión 322 p., [8] p. de lám. ;
Dimensiones 21 cm.
490 1# - MENCIÓN DE SERIE
Mención de serie Diccionarios de autor
504 ## - NOTA DE BIBLIOGRAFÍA, ETC.
Nota de bibliografía, etc. Referencias bibliográficas.
650 #7 - PUNTO DE ACCESO ADICIONAL DE MATERIA--TÉRMINO DE MATERIA
Término de materia o nombre geográfico como elemento de entrada Arte-
Subdivisión de forma Diccionarios.
9 (RLIN) 10094
830 0# - PUNTO DE ACCESO ADICIONAL DE SERIE-TÍTULO UNIFORME
Título uniforme Diccionarios de autor
9 (RLIN) 178733
852 ## - LOCALIZACIÓN
Ubicación ES-MaACL
Número de control de estantería L-30535
Nota libre - enc. cart.
-- . - Donat. Miguel A. Velasco
Holdings
Estatus retirado Estado de pérdida Estado de daño No para préstamo Colección Biblioteca de origen Biblioteca actual Ubicación en estantería Fecha de adquisición Fuente de adquisición Total de préstamos Signatura topográfica completa Código de barras Visto por última vez Precio de reemplazo Tipo de ítem Koha
        Colección de referencia Biblioteca del Ateneo de Madrid Biblioteca del Ateneo de Madrid Depósito 2 11/08/2016     L-30535 1195871 23/02/2023 23/02/2023 Libro impreso